000
00269nam a2200109Ia 4500
008
220204s9999 xx 000 0 und d
082
_a
631,4:551.3.053
_b
UNI
245
0
_a
Soils and tropical weathering.
260
_a
Paris
_b
UNESCO
_c
1971
650
_a
Soils
942
_c
BK
999
_c
23264
_d
23264